000 00572nmm a2200217 a 4500
999 _c8548
_d8548
003 PK-NaQUE
005 20260121122244.0
008 260121b ||||| |||| 00| 0 eng d
020 _a1491589922
020 _a978-1491589922
040 _cQUEST
100 1 _aRobbins, Harold.
245 1 0 _aSpellbinder
260 _a[S.l.] :
_bRosettaBooks,
_c1982.
300 _a1 online resource (331 p.)
650 _aEvangelists
650 _aClergy
650 _aEvangelicalism
856 _uhttp://10.10.170.122:8080/browse/book/29235
_yDownload eBook
942 _cBK
_2ddc